00725nam a22002417a 4500001001000000003000900010005001700019007000300036008003400039040005400073041001000127072000800137100001900145110009700164245007200261260006600333300000900399500002300408650000900431650001200440650001700452650001400469BR6006989BR-BrBNA20230928095637.0ta230509b bl.||||| |||| 00| 0 por d aBR-BrBNAbporcBiblioteca Nacional de Agricultura a(Por) aF251 aValois, A.C.C.1 aInstituto de Pesquisas e Experimentacao Agropecuarias da Amazonia Ocidental, Manaus (Brasil)1 aEstudo do elemento fosforo (P)em tres solos da Regiao de Matao - SP3 aMatao, SP (Brasil): bEstacao Experimental de Matao, c1971.  a8 p. aSummary (Eng, Por) aSolo aFosforo aFertilizante aSao Paulo